000 01010nam a2200277Ia 4500
003 OSt
005 20221007123404.0
006 a|||||r|||| 00| 0
007 ta
008 221006b |||||||| |||| 00| 0 eng d
020 _a3540410023 (hbd)
_cEuro 79.95
024 _a10534
037 _bUnilib,
_cTextual
040 _aPAPL
_cPAPL
_beng
041 _2eng
_aeng
082 _aC9B32, P1
100 _aCaldwell David O Ed
_9717166
245 0 _aCurrent aspects of neutrino physics ed by David O Caldwell
260 _aBerlin
_bSpringer-Verlag
_c2001
300 _axiv, 338p
_ccm.
500 _aIncludes bibliographical references; Index 331-335p; ^n23/CSL/CARPA/2002-2003/262^d2003-03-26^mPurchase; ; 2002-03/836^b2003-03-28^c378^d2003-03-26^eRs.10,618.00^fUnilib Book Distributors; ; 2003-06-18^bSB^c2003-10-04^dJindal
650 _a Neutron Physics
_9717167
650 _aPhysics
942 _hC9B32, P1
_cTEXL
_2CC
999 _c1211801
_d1211801